| 000 | 00445nam a22001697a 4500 | ||
|---|---|---|---|
| 005 | 20231120095827.0 | ||
| 008 | 231120b ||||| |||| 00| 0 eng d | ||
| 040 | _cAL | ||
| 041 | _aeng | ||
| 082 |
_223 _a621.388 _bMIDT |
||
| 100 |
_aR G Middleton _9142231 |
||
| 245 | _aTelevision Service Manual | ||
| 260 |
_bD B Taraporeval Sons & Co Ltd _c1985 |
||
| 650 |
_aElectronics _9142232 |
||
| 700 |
_aMIDDLETON (R G) _9142233 |
||
| 942 |
_2ddc _cBK |
||
| 999 |
_c229239 _d229239 |
||